[Event "Armenia Quindio-ch"]
[Site "Armenia"]
[Date "2024.06.16"]
[Round "6"]
[White "Borre Meza, Orlando David"]
[Black "Millan, John Alberto"]
[Result "1/2-1/2"]
[WhiteElo "1912"]
[BlackElo "1925"]
[PlyCount "24"]
[EventDate "2024.06.15"]
[EventType "swiss"]
[EventRounds "6"]
[EventCountry "COL"]
[SourceTitle "CB27_2024"]
[SourceDate "2024.07.03"]
[SourceVersion "1"]
[SourceVersionDate "2024.07.03"]
[SourceQuality "1"]

1. Nf3 f5 2. c4 Nf6 3. Nc3 e6 4. g3 Bb4 5. Bg2 Bxc3 6. bxc3 d6 7. d4 0-0 8. 0-0 Ne4 9. Qb3 c6 10. Ba3 Rf6 11. Rfd1 Qb6 12. Rac1 Kh8 1/2-1/2

[Event "Pan American-ch Amateur"]
[Site "Montevideo"]
[Date "2013.10.27"]
[Round "7"]
[White "Millan, John Alberto"]
[Black "Pugliese, Facundo"]
[Result "1-0"]
[WhiteElo "1893"]
[BlackElo "1943"]
[PlyCount "133"]
[EventDate "2013.10.24"]
[EventType "swiss"]
[EventRounds "9"]
[EventCountry "URU"]
[SourceTitle "EXT 2014"]
[Source "ChessBase"]
[SourceDate "2013.11.20"]
[SourceVersion "1"]
[SourceVersionDate "2013.11.20"]
[SourceQuality "1"]

1. d4 c5 2. e3 e6 3. Bd3 Nf6 4. f4 b6 5. Qe2 Bb7 6. Nd2 Be7 7. Ngf3 0-0 8. 0-0 d6 9. c3 Nbd7 10. e4 cxd4 11. cxd4 e5 12. d5 exf4 13. Nd4 g6 14. Rxf4 Re8 15. Ba6 Bxa6 16. Qxa6 Ne5 17. N2b3 Nh5 18. Rf2 Bh4 19. g3 Bf6 20. Bf4 Ng4 21. Nc6 Qd7 22. Re2 Nxf4 23. gxf4 Bg7 24. Qd3 Nf6 25. Qf3 Qg4+ 26. Qxg4 Nxg4 27. Nbd4 Bh6 28. f5 Be3+ 29. Kg2 Bxd4 30. Nxd4 Ne5 31. fxg6 hxg6 32. Rc2 Nd7 33. Re2 Nc5 34. Kf3 Kg7 35. Nb5 Red8 36. Nc3 Nd3 37. Ke3 Ne5 38. Rc1 Rac8 39. Rec2 Nc4+ 40. Kd4 a6 41. Nd1 b5 42. b3 Nb6 43. Rxc8 Nxc8 44. Rc6 Ne7 45. Rxa6 f5 46. Nc3 b4 47. Nb5 f4 48. Nxd6 Rf8 49. Nc4 g5 50. Ra7 Rf7 51. Kd3 f3 52. Ne3 Kg6 53. d6 Nc6 54. Rxf7 Kxf7 55. Nc4 Ke6 56. Ke3 g4 57. h3 gxh3 58. Kxf3 Nd4+ 59. Kg3 Ne2+ 60. Kxh3 Nc3 61. e5 Nxa2 62. Nb6 Nc1 63. d7 Ke7 64. e6 Nxb3 65. Nd5+ Kd8 66. Nxb4 Kc7 67. Nc6 1-0

[Event "Bogota op 10"]
[Site "Bogota"]
[Date "2012.10.18"]
[Round "8"]
[White "Ordonez Gonzalez, Gabriel"]
[Black "Millan, John Alberto"]
[Result "1/2-1/2"]
[WhiteElo "1644"]
[BlackElo "1895"]
[PlyCount "40"]
[EventDate "2012.10.11"]
[EventType "swiss"]
[EventRounds "9"]
[EventCountry "COL"]
[SourceTitle "EXT 2013"]
[Source "ChessBase"]
[SourceDate "2012.11.22"]
[SourceVersion "1"]
[SourceVersionDate "2012.11.22"]
[SourceQuality "1"]

1. c4 c6 2. d4 d5 3. e3 Nf6 4. Nc3 e6 5. Bd3 Bd6 6. Nge2 Nbd7 7. Ng3 0-0 8. Qc2 h6 9. Bd2 a6 10. e4 dxe4 11. Ncxe4 Bc7 12. Bb4 Nxe4 13. Nxe4 Re8 14. Nd6 Bxd6 15. Bxd6 e5 16. 0-0-0 exd4 17. c5 b6 18. h4 bxc5 19. Bxc5 Nxc5 20. Qxc5 Qf6 1/2-1/2

[Event "Bogota op 10"]
[Site "Bogota"]
[Date "2012.10.15"]
[Round "5"]
[White "Millan, John Alberto"]
[Black "Barbon, Carlos Felipe"]
[Result "1/2-1/2"]
[WhiteElo "1895"]
[BlackElo "1622"]
[PlyCount "31"]
[EventDate "2012.10.11"]
[EventType "swiss"]
[EventRounds "9"]
[EventCountry "COL"]
[SourceTitle "EXT 2013"]
[Source "ChessBase"]
[SourceDate "2012.11.22"]
[SourceVersion "1"]
[SourceVersionDate "2012.11.22"]
[SourceQuality "1"]

1. Nf3 d5 2. d3 Bg4 3. Nbd2 e6 4. g3 Bd6 5. Bg2 Nd7 6. 0-0 c6 7. Qe1 h6 8. e4 Ne7 9. Nh4 0-0 10. f4 Bh5 11. Kh1 f6 12. exd5 e5 13. dxc6 Nxc6 14. Nc4 Be7 15. fxe5 Ncxe5 16. Nxe5 1/2-1/2

[Event "Bogota op 10"]
[Site "Bogota"]
[Date "2012.10.13"]
[Round "3"]
[White "Millan, John Alberto"]
[Black "Nunez V, Gustavo Eduardo"]
[Result "0-1"]
[WhiteElo "1895"]
[BlackElo "2234"]
[PlyCount "22"]
[EventDate "2012.10.11"]
[EventType "swiss"]
[EventRounds "9"]
[EventCountry "COL"]
[SourceTitle "EXT 2013"]
[Source "ChessBase"]
[SourceDate "2012.11.22"]
[SourceVersion "1"]
[SourceVersionDate "2012.11.22"]
[SourceQuality "1"]

1. Nf3 c5 2. d3 Nf6 3. g3 b6 4. e4 d6 5. Bg2 e5 6. 0-0 Be7 7. Nc3 0-0 8. d4 exd4 9. e5 Ne8 10. Nxd4 d5 11. Nde2 Bb7 0-1

[Event "Pan American-ch"]
[Site "Cartagena"]
[Date "2012.09.08"]
[Round "9"]
[White "Lozano Ramirez, Nestor Favian"]
[Black "Millan, John Alberto"]
[Result "1-0"]
[WhiteElo "1991"]
[BlackElo "1860"]
[PlyCount "47"]
[EventDate "2012.07.04"]
[EventType "swiss"]
[EventRounds "9"]
[EventCountry "COL"]
[SourceTitle "CBM 149 Extra"]
[Source "ChessBase"]
[SourceDate "2012.08.24"]
[SourceVersion "1"]
[SourceVersionDate "2012.08.24"]
[SourceQuality "1"]

1. c4 e5 2. g3 f5 3. d4 Bb4+ 4. Bd2 Bxd2+ 5. Qxd2 e4 6. Nc3 Nf6 7. h4 d5 8. cxd5 Nxd5 9. Nxd5 Qxd5 10. e3 0-0 11. Rc1 Qd6 12. Ne2 Be6 13. b3 Nc6 14. Nf4 Bf7 15. Bc4 Ne7 16. 0-0 c6 17. Rc2 Nd5 18. Bxd5 Bxd5 19. b4 a6 20. Rfc1 Bf7 21. a4 Bb3 22. Rc5 Bxa4 23. Qa2+ Kh8 24. Qxa4 1-0